<?xml version="1.0" encoding="UTF-8"?>
<collection xmlns:xsi="http://www.w3.org/2001/XMLSchema-instance" xsi:schemaLocation="http://www.loc.gov/MARC21/slim http://www.loc.gov/standards/marcxml/schema/MARC21slim.xsd" xmlns="http://www.loc.gov/MARC21/slim">
 <record>
  <leader>00000nmm a2200000 i 4500</leader>
  <controlfield tag="001">UP-99804511805357566</controlfield>
  <controlfield tag="003">Buklod</controlfield>
  <controlfield tag="005">20230308151415.0</controlfield>
  <controlfield tag="006">m     o  u        </controlfield>
  <controlfield tag="007">cr || |||a|a|a</controlfield>
  <controlfield tag="008">230308t20032003cau    go  u        eng d</controlfield>
  <datafield tag="020" ind1=" " ind2=" ">
   <subfield code="z">9780121827816 (part C)</subfield>
  </datafield>
  <datafield tag="035" ind1=" " ind2=" ">
   <subfield code="a">(OCoLC)54359635</subfield>
  </datafield>
  <datafield tag="040" ind1=" " ind2=" ">
   <subfield code="a">UtOrBLW</subfield>
   <subfield code="d">DSCI</subfield>
   <subfield code="e">rda</subfield>
  </datafield>
  <datafield tag="041" ind1="0" ind2=" ">
   <subfield code="a">eng</subfield>
  </datafield>
  <datafield tag="042" ind1=" " ind2=" ">
   <subfield code="a">DMLUC</subfield>
  </datafield>
  <datafield tag="084" ind1=" " ind2=" ">
   <subfield code="a">QH 599 </subfield>
   <subfield code="b">C47 2003eb</subfield>
  </datafield>
  <datafield tag="245" ind1="0" ind2="0">
   <subfield code="a">Chromatin and chromatin remodeling enzymes.</subfield>
   <subfield code="n">Part C</subfield>
   <subfield code="c">edited by C. David Allis, Carl Wu.</subfield>
  </datafield>
  <datafield tag="264" ind1=" " ind2="4">
   <subfield code="a">San Diego</subfield>
   <subfield code="b">Elsevier/ Academic Press</subfield>
   <subfield code="c">[2003]</subfield>
  </datafield>
  <datafield tag="300" ind1=" " ind2=" ">
   <subfield code="a">xxxviii, 546 pages, 7 unnumbered pages of plates</subfield>
   <subfield code="b">illustrations (some color)</subfield>
  </datafield>
  <datafield tag="336" ind1=" " ind2=" ">
   <subfield code="a">text</subfield>
   <subfield code="2">rdacontent</subfield>
  </datafield>
  <datafield tag="337" ind1=" " ind2=" ">
   <subfield code="a">computer</subfield>
   <subfield code="2">rdamedia</subfield>
  </datafield>
  <datafield tag="338" ind1=" " ind2=" ">
   <subfield code="a">online resource</subfield>
   <subfield code="2">rdacarrier</subfield>
  </datafield>
  <datafield tag="490" ind1="0" ind2=" ">
   <subfield code="a">Methods in Enzymology</subfield>
   <subfield code="v">volume 377</subfield>
  </datafield>
  <datafield tag="504" ind1=" " ind2=" ">
   <subfield code="a">Includes bibliographic references and index.</subfield>
  </datafield>
  <datafield tag="505" ind1="0" ind2="0">
   <subfield code="a">1. Functional analyses of chromatin modifications in yeast -- 2. Genetic analysis of chromatin remodeling using budding yeast as a model -- 3. Introduction to Trx-G and Pc-G genes -- 4. Genetic and cytological analysis of drosophila chromatin- remodeling factors -- 5. Genetic analysis if H1 linker histone subtypes and their functions in mice -- 6. The use of mass spectrometry for the analysis of histone modifications -- 7. Histone modification patterns during gene activation -- 8. Identification and analysis of native HAT complexes -- 9. Histone deacetylases: purification of the enzymes, substrates, and assay conditions -- 10. Measurement of mammalian histone deacetylase activity -- 11. Analysis of histone phosphorylation: coupling intracellular signaling to chromatin remodeling -- 12. Purification of histone methyltransferases from HeLa cells -- 13. Global proteomic analysis of s. cerevisiae (GPS) to identify proteins required for histone modifications -- 14. Purification of Sir2 proteins from yeast -- 15. Purification and biochemical properties of the drosophila TAC1 complex -- 16. Isolation and characterization of CHRASCH, a polycomb-containing silencing complex -- 17. Biochemical analysis of mammalian polycomb group protein complexes and the identification of genetic elements that block polycomb-mediated gene repression -- 18. Purification and functional analysis of the mammalian SWI/SNF-family of chromatin-remodeling complexes -- 19. Isolation and assay of the RSC chromatin-remodeling complex from saccharomyces cerevisiae -- 20. DNA translocation and nucleosome remodeling assays by the RSC chromatin remodeling complex -- 21. A Necleosome sliding assay for chromatin remodeling factors -- 22. Methods for analysis of nucleosome sliding by drosophila NURF -- 23. Methods for preparation and assays for xenopus ISWI complexes -- 24. Functional analysis or ISWI complexes in mammalian cells -- 25. Preparation and assays for mammalian ISWI complexes -- 26. Preparation and analysis of the INO80 complex -- 27. Assay of Z-DNA induction by chromatin remodeling factors -- 28.  Immuno-depletion and purification strategies to study chromatin-remodeling factors in vitro -- 29. Transcription through the nucleosome by mRNA-producing RNA polymerases -- 30. Reconstitution and transcriptional analysis of chromatin in vitro -- 31. Techniques used to study transcription on chromatin templates -- 32. Analysis of DNA repair on nucleosome templates.</subfield>
  </datafield>
  <datafield tag="506" ind1="0" ind2=" ">
   <subfield code="a">IP-based subscription, on campus only.  </subfield>
   <subfield code="c">Access via Electronic Resources of the UPD University Library Website.</subfield>
  </datafield>
  <datafield tag="650" ind1=" " ind2="0">
   <subfield code="a">Chromatin.</subfield>
  </datafield>
  <datafield tag="650" ind1=" " ind2="0">
   <subfield code="a">Histones.</subfield>
  </datafield>
  <datafield tag="650" ind1=" " ind2="0">
   <subfield code="a">Electronic books.</subfield>
  </datafield>
  <datafield tag="700" ind1="1" ind2=" ">
   <subfield code="a">Allis, C. David.</subfield>
   <subfield code="e">editor.</subfield>
  </datafield>
  <datafield tag="700" ind1="1" ind2=" ">
   <subfield code="a">Wu, Carl.</subfield>
   <subfield code="e">editor.</subfield>
  </datafield>
  <datafield tag="830" ind1=" " ind2="0">
   <subfield code="a">Methods in enzymology</subfield>
   <subfield code="v">volume 377.</subfield>
  </datafield>
  <datafield tag="856" ind1="0" ind2="0">
   <subfield code="u">https://www.sciencedirect.com/bookseries/methods-in-enzymology/vol/377/suppl/C</subfield>
   <subfield code="a">Available remotely for University of the Philippines System via Science Direct. Click here to access through Open Athens</subfield>
   <subfield code="a">(viewed 15 June 2022)</subfield>
  </datafield>
  <datafield tag="905" ind1=" " ind2=" ">
   <subfield code="a">FO</subfield>
  </datafield>
  <datafield tag="852" ind1="0" ind2=" ">
   <subfield code="a">UPD</subfield>
   <subfield code="b">DSCI</subfield>
   <subfield code="h">QH 599</subfield>
   <subfield code="i">C47 2003EB</subfield>
  </datafield>
  <datafield tag="942" ind1=" " ind2=" ">
   <subfield code="a">Electronic Resource</subfield>
  </datafield>
 </record>
</collection>
